000 00315nam a2200133Ia 4500
008 220216s9999 xx 000 0 und d
245 0 _aRRIM 600 series clones : Final report
260 _bPlanters Bulletin
_c1974
300 _a61-70
650 _aGirth
650 _aWind damage
650 _aYield
942 _cJS
999 _c67314
_d67314